La filosofía de Martin Heidegger / (Record no. 141766)

MARC details
000 -LEADER
campo de control de longitud fija 00651nam a2200181 i 4500
001 - NÚMERO DE CONTROL
campo de control 141766
003 - IDENTIFICADOR DE NÚMERO DE CONTROL
campo de control ES-MaACL
005 - FECHA Y HORA DE LA ÚLTIMA TRANSACCIÓN
campo de control 20230906200349.0
007 - CAMPO FIJO DE DESCRIPCIÓN FÍSICA--INFORMACIÓN GENERAL
campo de control de longitud fija t|
008 - DATOS DE LONGITUD FIJA--INFORMACIÓN GENERAL
campo de control de longitud fija 070927s1952 sp ||||1| spa d
100 1# - ENTRADA PRINCIPAL--NOMBRE DE PERSONA
Nombre de persona Waelhens, Alphonse de.
9 (RLIN) 115822
245 13 - MENCIÓN DEL TÍTULO
Título La filosofía de Martin Heidegger /
Mención de responsabilidad, etc. por A. de Waelhens.
250 ## - MENCION DE EDICION
Mención de edición 2ª ed.
Resto de la mención de edición con nueva nota preliminar sobre "Los últimos escritos de Heidegger" por el traductor Ramón Ceñal.
260 ## - PUBLICACIÓN, DISTRIBUCIÓN, ETC.
Lugar de publicación, distribución, etc. Madrid :
Nombre del editor, distribuidor, etc. Consejo Superior de Investigaciones Científicas,
Fecha de publicación, distribución, etc. 1952.
300 ## - DESCRIPCIÓN FÍSICA
Extensión LXXIII, 390 p. ;
Dimensiones 25 cm.
700 1# - ENTRADA AGREGADA--NOMBRE PERSONAL
Nombre de persona Ceñal, Ramón.
9 (RLIN) 37424
852 ## - LOCALIZACIÓN
Ubicación ES-MaACL
Número de control de estantería C-5697
Sublocalización o colección R.34751
Holdings
Estatus retirado Estado de pérdida Estado de daño No para préstamo Biblioteca de origen Biblioteca actual Ubicación en estantería Fecha de adquisición Fuente de adquisición Total de préstamos Signatura topográfica completa Código de barras Visto por última vez Precio de reemplazo Tipo de ítem Koha
        Biblioteca del Ateneo de Madrid Biblioteca del Ateneo de Madrid Sala Palomar 17/01/2008     C-5697 1147510 23/02/2023 23/02/2023 Libro impreso